000 00291nam a2200121Ia 4500
008 190216s9999||||xx |||||||||||||| ||und||
100 _aChandamadhi Nt
245 0 _aLaw Of Saletax In Kerala
260 _bHimalaya Publishing House
_c1987
300 _a231p
650 _aCommerce
942 _cBK
999 _c5485
_d5485